000 00917nam a22002417a 4500
001 82875
003 BD-RjUL
005 20240130174649.0
008 240130s2009 bg a|||| m||| 00| 0 eng d
035 _a(BD-RjUL)82875
040 _aBD-RjUL
_beng
_cBD-RjUL
_dBD-RjUL
041 _aeng
082 _223
_a340.59095492
_bANM 2009
100 _aAnju, Sayeeda
_911292
245 1 0 _aMuslim Women's Rights in Bangladesh :
_bA legal study of Islamic Law and CEDAW /
_cBy Sayeeda, Anju ;
_6Supervisor : Begum, Asma Siddiqua
260 _aRajshahi :
_bInstitute of Education & Research, Rajshahi University,
_c2009
300 _axvi, 308 leaves :
_bill, ;
_c29.cm.
502 _aThesis (Ph. D.) -- Institute of Education & Research, Rajshahi University, 2009
504 _aBibliography : Leaves 270 -279
650 _aIslamic Law
_zBangladesh
_911293
700 _aSiddiqua, Begum, Asma, Supervisor
_91919
942 _2ddc
_cTHE
999 _c82875
_d82875